[Apuntes de preparación en el vuelo por instrumentos] /

Apuntes para vuelo comercial por instrumentos de aviones comerciales de hélice, principalmente de los fabricados por la Douglas Aircraft Company (DC) y uno de la compañía aeronáutica británica de Havilland. Contenido: [Parte 1] Pilotaje: Avión DC-3, DC-4, DC-6, Avión Comet IV C (Técnica y vuelo). [P...

Celý popis

Uloženo v:
Podrobná bibliografie
Hlavní autor: Ruiz Villalpando, Rafael (autor)
Médium: Kniha
Jazyk:španělština
Vydání:Edición de mimeógrafo
Témata:
Tagy: Přidat tag
Žádné tagy, Buďte první, kdo vytvoří štítek k tomuto záznamu!

MARC

LEADER 00000nam^a2200000^a^4500
001 000328298
005 20250521000000.0
009 20260310113901.894
037 |a Acervo ITESO - Biblioteca 
041 |a ESP 
082 |a 629. 13252  |b RUI 
100 |a Ruiz Villalpando, Rafael  |e (autor) 
245 1 1 |a [Apuntes de preparación en el vuelo por instrumentos] /  |c R. Ruiz Villalpando. 
250 |a Edición de mimeógrafo 
264 |a México :  |b edición de autor  |c 1962 
300 |a 1 v. (varias paginaciones) 
336 |a texto  |b txt  |2 rdacontenido 
337 |a sin mediación  |b n  |2 rdamedio 
338 |a volumen  |b nc  |2 rdasoporte 
520 |a Apuntes para vuelo comercial por instrumentos de aviones comerciales de hélice, principalmente de los fabricados por la Douglas Aircraft Company (DC) y uno de la compañía aeronáutica británica de Havilland. Contenido: [Parte 1] Pilotaje: Avión DC-3, DC-4, DC-6, Avión Comet IV C (Técnica y vuelo). [Parte 2] Vuelo por instrumentos. 
561 |a Obra autografiada por el autor para Ignacio Diaz Morales 
649 |a XX 
650 |a Aviones -  |x Pilotaje -  |x Tema Principal 
650 |a Aeronaves 
650 |a Vuelo -  |x Estudio y Enseñanza 
650 |a Aeronáutica Comercial 
650 |a Aviación 
910 |a Fondo Ignacio Díaz Morales 
920 |a Impresos - Libros 
930 |a Arquitectos Jaliscienses 
905 |a 114 
901 |a 0500217478  |b IT1  |c JAL  |i D59964  |u 20250521 
902 |a https://opac.biblio.iteso.mx/vufind/Record/000328298